| 000 | 01070cab a2200217 4500 | ||
|---|---|---|---|
| 001 | ##L134035 | ||
| 008 | 060704n2006 000 0 eng u | ||
| 035 | _a(Sirsi) u134035 | ||
| 041 | 0 | _aeng | |
| 100 | 1 | _aCrates, Emma | |
| 245 | 0 | 0 | _aLegacy of Prescott, the £60,000 man |
| 260 | _c2006 | ||
| 490 | 0 |
_aConstruction News _v(6973) 29 June 2006, 26-29(4) |
|
| 520 | _aDiscusses the impact of the Design for Manufacture competition. Suggests that the competition has sparked interest in modular methods of construction, encouraged debate about design and prompted builders to focus on energy efficiency. Highlights the different construction methods used in the competition with brief case studies of the successful consortia, SixtyK Consortium, Barratt Developments plc, The Countryside Consortium, Persimmon, George Wimpey and William Verry. | ||
| 590 | _aIKA040706, KA | ||
| 650 | 2 | 4 |
_aAffordable housing _96215 |
| 650 | 2 | 4 | _aDCLG DESIGN FOR MANUFACTURE COMPETITION |
| 651 | 4 |
_aEngland _y886- |
|
| 690 | _aBUILT ENVIRONMENT-CONSTRUCTION DESIGN | ||
| 942 | _n0 | ||
| 999 |
_c77339 _d77339 |
||